000 00446nam a2200169Ia 4500
003 GCL
008 140319s9999 xx 000 0 eng d
040 _aGCL /
_cGCL
082 0 4 _a614
_bM I
100 1 _aMUSTARD, HARRY S
245 1 0 _aAN INTRODUCTION TO PUBLIC HEALTH /
_cMUSTARD, HARRY S
260 _a[S.N] :
_bTHE MACMILLAN COMPANY ،
_c1954
300 _a315 P
650 0 4 _aPUBLIC HEALTH
650 0 4 _aMEDICAL SCIENCE
942 _2ddc
_cBK
999 _c13908
_d13908